| 000 | 00949nam a22002537a 4500 | ||
|---|---|---|---|
| 005 | 20151106162813.0 | ||
| 010 | _aENG-113977 | ||
| 020 |
_c595.00 _a0198066457 |
||
| 020 |
_c595.00 _a9780198066453 |
||
| 035 | _aEN-97509 | ||
| 037 |
_bDBAD/PUB _adpl |
||
| 082 | _a 343.540994 | ||
| 100 | _aPrasad, R.U.S. | ||
| 245 |
_aResolving disputes in telecommunications: _cby R.U.S. Prasad _bglobal practices and challenges / |
||
| 260 |
_aNew Delhi _bOxford University Press _c2011 |
||
| 270 |
_aYMCA Library Building, 1, Jai Singh Road, _bNew Delhi _e110001 |
||
| 300 |
_axviii,197p. : _c23cm(Hb) _bill. |
||
| 500 | _a Includes bibliographical references (p. [188]-193) and index. | ||
| 650 |
_a Telecommunication _xLaw and legislation _z India. |
||
| 650 |
_a Dispute resolution (Law) _zIndia. |
||
| 650 |
_a Telecommunication _xLaw and legislation. |
||
| 650 | _a Dispute resolution (Law) | ||
| 942 |
_2ddc _cEN _mPRA _h 343.540994 |
||
| 999 |
_c96627 _d96627 |
||